Blox Fruits Quiz 1 - Statistics

General Stats
  • This quiz has been taken 4,340 times
  • The average score is 19 of 23
Answer Stats
Hint Fruit % Correct
A very spiky one with a spin attack Spike
95%
Freezing Logia Ice
94%
Elemental of the Desert Sand
93%
OUCH HOT HOT HOT HOT ELEMENTAL Magma
92%
OUCH HOT HOT HOT LOGIA Flame
91%
YOU'RE A GIANT GOD Buddha
90%
You CAN SPLIT YOUR LIMBS! Chop
89%
It's a BLINDING LOGIA Light
88%
An evil elemental Dark
87%
You can BOING yourself to the sky Spring
86%
You can lift a tree with it Control
85%
The very yummy one Dough
85%
The one Lewis wants (it's a bird) Phoenix
84%
I have a shield that's green Barrier
83%
What balloons are made of Rubber
82%
It's a wild fruit Dragon
80%
The baddest one by far Bomb
77%
It's hard to see through this Smoke
73%
Those of you who like sewing, this is for you String
73%
It's the power of EARTH Quake
72%
The best fruit with its awakening added in Update 14 Rumble
69%
TIME TO FLING SOME PEOPLE Gravity
67%
I love cats and cats love this Paw
60%
No matching quizzes found
Score Distribution
Percent of People with Each Score
Percentile by Number Answered
Your Score History
You have not taken this quiz